000 00681nam a2200229Ii 4500
003 JO-AjNU
008 230605s9999||||xx |||||||||||||| ||und||
017 _a1423/4589
020 _a9960-33-680-8
040 _aJO-AjNU
_bara
_erda
_cJO-AjNU
041 _aara
050 1 4 _aBP184.25 2003
100 3 _aإعداد الجودي، فيصل بن سلطان,
_eauthor
_949128
245 0 0 _aأذنت لك
250 _aط1
264 3 1 _aالرياض: دار القاسم، 2003
300 _a64ص
336 _atext
_btxt
_2rdacontent
337 _aunmediated
_bn
_2rdamedia
338 _avolume
_bnc
_2rdacarrier
650 4 _aالاسلام - الوعظ والارشاد
_949129
999 _aA21559
_c25127
_d25127